[Event "AUT-chT 2324"]
[Site "Austria"]
[Date "2024.03.20"]
[Round "7.4"]
[White "Korpa, Bence"]
[Black "Bosiocic, Marin"]
[Result "0-1"]
[WhiteElo "2545"]
[BlackElo "2537"]
[PlyCount "58"]
[EventDate "2023.11.22"]
[EventType "team-tourn"]
[EventRounds "11"]
[EventCountry "AUT"]
[SourceTitle "CB13_2024"]
[SourceDate "2024.03.27"]
[SourceVersion "1"]
[SourceVersionDate "2024.03.27"]
[SourceQuality "1"]
[WhiteTeam "Fuerstenfeld/Hartberg"]
[BlackTeam "St Veit"]
[WhiteTeamCountry "AUT"]
[BlackTeamCountry "AUT"]

1. Nf3 d5 2. e3 c5 3. b3 Nc6 4. Bb2 Nf6 5. Bb5 Bd7 6. 0-0 a6 7. Bxc6 Bxc6 8. Ne5 Rc8 9. d3 e6 10. Nd2 Be7 11. a4 0-0 12. f4 Be8 13. f5 exf5 14. Rxf5 d4 15. a5 Nd5 16. Nec4 Rc6 17. exd4 Rg6 18. Qf3 Bc6 19. Ne5 Bg5 20. Nf1 cxd4 21. Ba3 Be3+ 22. Kh1 Re8 23. Nxf7 Qc8 24. Rxd5 Qe6 25. Nxe3 dxe3 26. c4 Bxd5 27. cxd5 Qxf7 28. Qxf7+ Kxf7 29. Re1 Rg5 0-1

[Event "HUN-ch Rapid"]
[Site "Ajka"]
[Date "2023.07.23"]
[Round "10"]
[White "Tancsa, Tamas"]
[Black "Korpa, Bence"]
[Result "0-1"]
[WhiteElo "2240"]
[BlackElo "2522"]
[PlyCount "163"]
[EventDate "2023.07.21"]
[EventType "swiss (rapid)"]
[EventRounds "13"]
[EventCountry "HUN"]
[SourceTitle "CBM 215 Extra"]
[Source "ChessBase"]
[SourceDate "2023.09.30"]
[SourceVersion "1"]
[SourceVersionDate "2023.09.30"]
[SourceQuality "1"]

1. e4 Nc6 2. d4 e5 3. dxe5 Nxe5 4. Nc3 Bc5 5. Bf4 Ng6 6. Bg3 d6 7. Qd2 h5 8. h4 Nf6 9. 0-0-0 Ng4 10. Bc4 Be6 11. Bxe6 fxe6 12. Nf3 Bb4 13. Qd4 Bxc3 14. Qxc3 Qe7 15. Nd4 0-0 16. f3 Nf6 17. Rhe1 e5 18. Nf5 Qf7 19. Qb3 Qxb3 20. axb3 Kf7 21. c4 b6 22. Bf2 Nf4 23. Ne3 a5 24. Kc2 Rg8 25. g3 Ne6 26. Nd5 Raf8 27. Be3 Ke8 28. Rf1 Kd7 29. b4 axb4 30. Nxb4 Rf7 31. Nd3 Ke7 32. b4 Rgf8 33. c5 bxc5 34. bxc5 Nxe4 35. cxd6+ cxd6 36. f4 Nxg3 37. Rfe1 exf4 38. Bd4 Nf5 39. Bf2 Kf6 40. Nb4 Nc7 41. Bd4+ Kg6 42. Rg1+ Kh7 43. Bf2 Re8 44. Kd3 Ne3 45. Rc1 Ng4 46. Bb6 Rb8 47. Rxc7 Rxc7 48. Bxc7 Rxb4 49. Bxd6 Ra4 50. Rf1 Nh6 51. Rxf4 Ra6 52. Be5 Re6 53. Bd4 Kg6 54. Re4 Ra6 55. Re5 Nf5 56. Bf2 Ra3+ 57. Ke2 Ra4 58. Kf3 Nxh4+ 59. Kg3 Nf5+ 60. Kg2 Kf6 61. Rb5 g5 62. Rb8 Ke5 63. Rb3 Kf4 64. Rh3 h4 65. Rh1 Ra2 66. Rb1 g4 67. Rb4+ Kg5 68. Kg1 g3 69. Bb6 h3 70. Rb1 Rd2 71. Bc5 Re2 72. Bb6 Kg4 73. Rb4+ Kf3 74. Rb3+ Ne3 75. Rb1 Nd5 76. Bc5 Nf4 77. Bd6 Kg4 78. Bb4 h2+ 79. Kh1 Kh3 80. Rb3 Rf2 81. Rxg3+ Kxg3 82. Be1 0-1

[Event "HUN-ch Rapid"]
[Site "Ajka"]
[Date "2023.07.22"]
[Round "7"]
[White "Korpa, Bence"]
[Black "Matlakov, Maxim"]
[Result "0-1"]
[WhiteElo "2522"]
[BlackElo "2673"]
[PlyCount "82"]
[EventDate "2023.07.21"]
[EventType "swiss (rapid)"]
[EventRounds "13"]
[EventCountry "HUN"]
[SourceTitle "CBM 215 Extra"]
[Source "ChessBase"]
[SourceDate "2023.09.30"]
[SourceVersion "1"]
[SourceVersionDate "2023.09.30"]
[SourceQuality "1"]

1. Nf3 d5 2. g3 Nf6 3. Bg2 e6 4. 0-0 Be7 5. d3 0-0 6. Nbd2 a5 7. e4 a4 8. a3 dxe4 9. dxe4 Nfd7 10. Nc4 b6 11. e5 Ba6 12. Nfd2 Ra7 13. Re1 b5 14. Na5 c5 15. Nc6 Nxc6 16. Bxc6 Nxe5 17. Bg2 Qc7 18. Qh5 Nc6 19. c3 Na5 20. Ne4 Nc4 21. Ng5 Bxg5 22. Bxg5 Bb7 23. Be4 Bxe4 24. Rxe4 f6 25. Be3 e5 26. Rh4 g5 27. Rg4 Qf7 28. Qh6 Nxe3 29. fxe3 Qd7 30. Qh5 Qd2 31. e4 Qxb2 32. Rf1 Rg7 33. h4 Qxc3 34. Kg2 Qd2+ 35. Rf2 Qd8 36. Kh3 b4 37. axb4 cxb4 38. hxg5 fxg5 39. Rxf8+ Kxf8 40. Qh6 Qd7 41. Qf6+ Kg8 0-1

[Event "HUN-ch Rapid"]
[Site "Ajka"]
[Date "2023.07.22"]
[Round "9"]
[White "Korpa, Bence"]
[Black "Prohaszka, Peter"]
[Result "0-1"]
[WhiteElo "2522"]
[BlackElo "2585"]
[PlyCount "76"]
[EventDate "2023.07.21"]
[EventType "swiss (rapid)"]
[EventRounds "13"]
[EventCountry "HUN"]
[SourceTitle "CBM 215 Extra"]
[Source "ChessBase"]
[SourceDate "2023.09.30"]
[SourceVersion "1"]
[SourceVersionDate "2023.09.30"]
[SourceQuality "1"]

1. Nc3 d5 2. e4 dxe4 3. Nxe4 Nf6 4. Nxf6+ exf6 5. Bc4 Bd6 6. Qe2+ Qe7 7. Qxe7+ Kxe7 8. Ne2 Be6 9. Bb3 a5 10. 0-0 a4 11. Bxe6 fxe6 12. Re1 Kf7 13. d3 a3 14. bxa3 Bxa3 15. Bxa3 Rxa3 16. Nd4 e5 17. Nb5 Ra5 18. a4 Na6 19. Re4 Rd8 20. Rb1 Rd7 21. f4 exf4 22. Rxf4 Nc5 23. Na3 Re7 24. Kf2 Nxa4 25. Rxb7 Nc5 26. Rb5 Nxd3+ 27. cxd3 Rxa3 28. Rd5 Ra2+ 29. Kf3 Ree2 30. Rd7+ Ke6 31. Rxc7 Rf2+ 32. Kg3 Rxg2+ 33. Kf3 Raf2+ 34. Ke3 Rxf4 35. Kxf4 g5+ 36. Ke4 Re2+ 37. Kd4 Rxh2 38. Rg7 h5 0-1

[Event "HUN-ch Rapid"]
[Site "Ajka"]
[Date "2023.07.22"]
[Round "8"]
[White "Papp, Gellert"]
[Black "Korpa, Bence"]
[Result "0-1"]
[WhiteElo "2269"]
[BlackElo "2522"]
[PlyCount "86"]
[EventDate "2023.07.21"]
[EventType "swiss (rapid)"]
[EventRounds "13"]
[EventCountry "HUN"]
[SourceTitle "CBM 215 Extra"]
[Source "ChessBase"]
[SourceDate "2023.09.30"]
[SourceVersion "1"]
[SourceVersionDate "2023.09.30"]
[SourceQuality "1"]

1. e4 Nf6 2. e5 Nd5 3. d4 d6 4. c4 Nb6 5. exd6 exd6 6. Nc3 Be7 7. Bd3 0-0 8. Nge2 Nc6 9. b3 Bg4 10. Be3 Bf6 11. Qd2 d5 12. c5 Nc8 13. h3 Bh5 14. 0-0 Bg6 15. Bxg6 hxg6 16. Nf4 N8e7 17. Rad1 Qd7 18. Qe2 Bg5 19. Nd3 Bxe3 20. fxe3 Rae8 21. Qf3 g5 22. b4 f6 23. b5 Na5 24. Nb4 c6 25. a4 Ng6 26. e4 dxe4 27. Nxe4 Nf4 28. d5 cxb5 29. axb5 Qxb5 30. Nd3 Nxd3 31. Rxd3 Qc4 32. Nd2 Qxc5+ 33. Kh1 Qd6 34. Ne4 Qf4 35. Qxf4 gxf4 36. Rxf4 Rd8 37. d6 b6 38. Rg3 f5 39. Ng5 Rxd6 40. Re3 Nc6 41. Rc4 a5 42. Re6 Rxe6 43. Nxe6 Rc8 0-1

[Event "AUT-chT 2223"]
[Site "Austria"]
[Date "2023.03.26"]
[Round "8.3"]
[White "Korpa, Bence"]
[Black "Ciolek, Andreas"]
[Result "1-0"]
[WhiteElo "2500"]
[BlackElo "2316"]
[PlyCount "107"]
[EventDate "2022.11.03"]
[EventType "team-tourn"]
[EventRounds "11"]
[EventCountry "AUT"]
[SourceTitle "CBM 213 Extra"]
[Source "ChessBase"]
[SourceDate "2023.05.31"]
[SourceVersion "1"]
[SourceVersionDate "2023.05.31"]
[SourceQuality "1"]
[WhiteTeam "Fuerstenfeld/Hartberg"]
[BlackTeam "Schach ohne Grenzen"]
[WhiteTeamCountry "AUT"]
[BlackTeamCountry "AUT"]

1. Nf3 d5 2. g3 c5 3. Bg2 Nc6 4. 0-0 e5 5. d3 Be7 6. e4 d4 7. a4 h5 8. Na3 h4 9. Nc4 hxg3 10. fxg3 Qc7 11. Qd2 Bg4 12. Ng5 f6 13. Nf3 g5 14. h4 Bxf3 15. Rxf3 gxh4 16. Bh3 hxg3 17. Qg2 Rxh3 18. Qxh3 Qd7 19. Qh5+ Kd8 20. Rxg3 Qe6 21. Bd2 Kc7 22. Rf1 Rf8 23. Qh7 Kc8 24. Rf2 Bd8 25. Nd6+ Qxd6 26. Rxg8 Qe7 27. Qf5+ Kb8 28. Rxf8 Qxf8 29. b3 a6 30. Rg2 Qf7 31. Bh6 Ne7 32. Qd7 Ba5 33. Qd6+ Bc7 34. Qxc5 Qh5 35. Qxe7 Qd1+ 36. Kh2 Qh5+ 37. Kg1 Qd1+ 38. Kf2 Qxc2+ 39. Kg3 Qxd3+ 40. Kh2 Qxe4 41. Rg8+ Ka7 42. Qxc7 Qh4+ 43. Kg2 Qe4+ 44. Kf2 Qh4+ 45. Rg3 Qh2+ 46. Rg2 Qh4+ 47. Kf1 Qh1+ 48. Rg1 Qh3+ 49. Ke1 Qxb3 50. Kf2 Qa2+ 51. Kg3 Qg8+ 52. Kh2 Qe8 53. Qc5+ Ka8 54. Qf8 1-0

[Event "AUT-chT 2223"]
[Site "Austria"]
[Date "2023.03.23"]
[Round "5.6"]
[White "Donchenko, Alexander"]
[Black "Korpa, Bence"]
[Result "1-0"]
[WhiteElo "2645"]
[BlackElo "2500"]
[PlyCount "62"]
[EventDate "2022.11.03"]
[EventType "team-tourn"]
[EventRounds "11"]
[EventCountry "AUT"]
[SourceTitle "CBM 213 Extra"]
[Source "ChessBase"]
[SourceDate "2023.05.31"]
[SourceVersion "1"]
[SourceVersionDate "2023.05.31"]
[SourceQuality "1"]
[WhiteTeam "Jenbach"]
[BlackTeam "Fuerstenfeld/Hartberg"]
[WhiteTeamCountry "AUT"]
[BlackTeamCountry "AUT"]

1. d4 Nf6 2. c4 g6 3. Nc3 Bg7 4. e4 d6 5. Nf3 0-0 6. Be2 e5 7. 0-0 Nc6 8. d5 Ne7 9. b4 a5 10. bxa5 Rxa5 11. a4 Ne8 12. Nd2 c5 13. dxc6 bxc6 14. Ba3 Ra7 15. Nb3 f5 16. a5 fxe4 17. Nxe4 Nf5 18. Bg4 Ba6 19. Bxf5 Rxf5 20. Rc1 Bf8 21. Re1 Qb8 22. Nbd2 c5 23. Qa4 Bb7 24. Bb2 Bh6 25. Bc3 Nf6 26. Rb1 Bxd2 27. Nxf6+ Rxf6 28. Bxd2 Qa8 29. f3 e4 30. Rb6 Rf8 31. Bh6 Rxa5 1-0

[Event "Hastings Masters op"]
[Site "Hastings"]
[Date "2023.01.06"]
[Round "10"]
[White "Korpa, Bence"]
[Black "Clarke, Brandon GI"]
[Result "1/2-1/2"]
[WhiteElo "2516"]
[BlackElo "2484"]
[PlyCount "26"]
[EventDate "2022.12.28"]
[EventType "swiss"]
[EventRounds "10"]
[EventCountry "ENG"]
[SourceTitle "CBM 212 Extra"]
[Source "ChessBase"]
[SourceDate "2023.03.31"]
[SourceVersion "1"]
[SourceVersionDate "2023.03.31"]
[SourceQuality "1"]

1. d4 Nf6 2. Nf3 g6 3. Nbd2 d5 4. b3 Bg7 5. Bb2 c5 6. dxc5 Qa5 7. e3 Qxc5 8. Bd3 Nc6 9. a3 0-0 10. 0-0 Rd8 11. b4 Qd6 12. c4 dxc4 13. Bxc4 Be6 1/2-1/2

[Event "Hastings Masters op"]
[Site "Hastings"]
[Date "2022.12.30"]
[Round "3"]
[White "Golding, Alex"]
[Black "Korpa, Bence"]
[Result "1-0"]
[WhiteElo "2318"]
[BlackElo "2516"]
[PlyCount "81"]
[EventDate "2022.12.28"]
[EventType "swiss"]
[EventRounds "10"]
[EventCountry "ENG"]
[SourceTitle "CBM 212 Extra"]
[Source "ChessBase"]
[SourceDate "2023.03.31"]
[SourceVersion "1"]
[SourceVersionDate "2023.03.31"]
[SourceQuality "1"]

1. e4 Nf6 2. Nc3 d5 3. exd5 Nxd5 4. Nf3 Bf5 5. Bc4 Nb6 6. Be2 e6 7. 0-0 Be7 8. d4 0-0 9. Bf4 Nc6 10. Qd2 Nb4 11. Rac1 c5 12. Rfd1 Rc8 13. a3 N4d5 14. Nxd5 Nxd5 15. dxc5 Bxc5 16. b4 Be7 17. Be5 Bf6 18. c4 Bxe5 19. Nxe5 Nb6 20. Qf4 Qe7 21. c5 Nd5 22. Qg3 a5 23. Bf3 axb4 24. Bxd5 exd5 25. axb4 Be6 26. Nf3 Ra8 27. Nd4 Ra4 28. b5 Rc8 29. c6 bxc6 30. Rxc6 Rxc6 31. Nxc6 Qb7 32. Qd6 h6 33. b6 Kh7 34. Nd8 Qd7 35. Qxd7 Bxd7 36. Rb1 Ra8 37. Nxf7 Bf5 38. b7 Rb8 39. Rb6 d4 40. Nd6 Be6 41. Kf1 1-0

[Event "HUN-ch 70th"]
[Site "Budapest"]
[Date "2022.12.13"]
[Round "9"]
[White "Prohaszka, Peter"]
[Black "Korpa, Bence"]
[Result "1-0"]
[WhiteElo "2563"]
[BlackElo "2516"]
[PlyCount "79"]
[EventDate "2022.12.05"]
[EventType "tourn"]
[EventRounds "9"]
[EventCountry "HUN"]
[EventCategory "12"]
[SourceTitle "CBM 211 Extra"]
[Source "ChessBase"]
[SourceDate "2023.01.31"]
[SourceVersion "1"]
[SourceVersionDate "2023.01.31"]
[SourceQuality "1"]

1. d4 Nf6 2. c4 g6 3. Nc3 Bg7 4. e4 d6 5. h3 0-0 6. Be3 c5 7. d5 e6 8. Nf3 exd5 9. cxd5 Qe7 10. Nd2 Nxe4 11. Ncxe4 f5 12. Nxd6 Qxd6 13. Be2 b5 14. 0-0 Bb7 15. Bxb5 f4 16. Nc4 Qxd5 17. Qxd5+ Bxd5 18. Bxc5 Rc8 19. Ba3 Nc6 20. Nd6 Rd8 21. Rfc1 Ne5 22. Rc7 f3 23. g4 a6 24. Bf1 Bf8 25. Nc4 Bxa3 26. Nxa3 Bf7 27. Re1 Nd3 28. Ree7 Bxa2 29. Rg7+ Kf8 30. Rxh7 Nxb2 31. Rh8+ Bg8 32. Nc4 Rac8 33. Rxc8 Rxc8 34. Nxb2 Kg7 35. Rxg8+ Rxg8 36. Bxa6 Rd8 37. Nc4 Kf6 38. Kh2 Rb8 39. Kg3 Rb4 40. Ne3 1-0

[Event "Miercurea Ciuc GP RO Stage 3"]
[Site "Miercurea Ciuc"]
[Date "2022.08.26"]
[Round "7"]
[White "Filip, Andrei"]
[Black "Korpa, Bence"]
[Result "0-1"]
[WhiteElo "2324"]
[BlackElo "2519"]
[PlyCount "130"]
[EventDate "2022.08.20"]
[EventType "swiss"]
[EventRounds "9"]
[EventCountry "ROU"]
[SourceTitle "CBM 209 Extra"]
[Source "ChessBase"]
[SourceDate "2022.09.30"]
[SourceVersion "1"]
[SourceVersionDate "2022.09.30"]
[SourceQuality "1"]

1. e4 d5 2. exd5 Qxd5 3. Nc3 Qd6 4. d4 c6 5. Nf3 Nf6 6. h3 Bf5 7. g4 Bg6 8. Ne5 Nbd7 9. Nc4 Qc7 10. Qf3 Nb6 11. Bf4 Qd8 12. 0-0-0 e6 13. Ne5 Bb4 14. Bg2 Bxc3 15. Qxc3 Nbd5 16. Qd2 Nxf4 17. Qxf4 Nd5 18. Qd2 Qf6 19. h4 h5 20. g5 Qf4 21. Nxg6 fxg6 22. Bxd5 Qxd2+ 23. Kxd2 exd5 24. Rde1+ Kd7 25. Re3 Rhf8 26. Rhe1 Rxf2+ 27. Kd3 Rf7 28. Re6 a5 29. Rxg6 Re8 30. Rd6+ Kxd6 31. Rxe8 Rf3+ 32. Ke2 Rf4 33. Rg8 Rxd4 34. Rxg7 b5 35. Rh7 Rxh4 36. Rh6+ Kc5 37. g6 a4 38. a3 Rg4 39. Kd2 h4 40. g7 Rg2+ 41. Kd3 Rxg7 42. Rxh4 Rg3+ 43. Kd2 d4 44. Rh6 Kd5 45. Rh2 Kc4 46. Rf2 c5 47. Rh2 Rf3 48. Rg2 Rh3 49. Rf2 Rh1 50. Rg2 Rb1 51. Rg3 b4 52. axb4 Kxb4 53. c3+ Kb3 54. cxd4+ Kxb2 55. Rg8 cxd4 56. Rb8+ Ka2 57. Ra8 Rb4 58. Kc2 Rc4+ 59. Kd3 Kb3 60. Ra7 Rb4 61. Kd2 Kb2 62. Rh7 a3 63. Rh2 a2 64. Kd3+ Kb3 65. Rh1 Ra4 0-1

[Event "Miercurea Ciuc GP RO Stage 3"]
[Site "Miercurea Ciuc"]
[Date "2022.08.25"]
[Round "6"]
[White "Korpa, Bence"]
[Black "Cosma, Elena Luminita"]
[Result "1-0"]
[WhiteElo "2519"]
[BlackElo "2248"]
[PlyCount "97"]
[EventDate "2022.08.20"]
[EventType "swiss"]
[EventRounds "9"]
[EventCountry "ROU"]
[SourceTitle "CBM 209 Extra"]
[Source "ChessBase"]
[SourceDate "2022.09.30"]
[SourceVersion "1"]
[SourceVersionDate "2022.09.30"]
[SourceQuality "1"]

1. d4 d5 2. Nc3 e6 3. Bf4 Bd6 4. e3 Bxf4 5. exf4 Nf6 6. Nf3 Nbd7 7. Bd3 c5 8. dxc5 Nxc5 9. 0-0 0-0 10. Ne2 Qc7 11. c3 Nxd3 12. Qxd3 Bd7 13. Nfd4 a5 14. Rfe1 Ra6 15. Qe3 Rb6 16. Rab1 Re8 17. Ng3 a4 18. a3 Bb5 19. Nc2 Rd6 20. Rbd1 Rdd8 21. Nd4 Bc4 22. Nf3 Nd7 23. Nh5 Qb6 24. Qd2 Bb3 25. Rc1 g6 26. Ng3 f6 27. Re3 Qd6 28. Qd4 Qc5 29. Rce1 Qxd4 30. Nxd4 Nc5 31. Nxb3 axb3 32. Ne2 e5 33. fxe5 fxe5 34. Nd4 Rf8 35. Nf3 d4 36. Rxe5 Nd3 37. Nxd4 Nxb2 38. Rb5 Nd3 39. Re3 Nxf2 40. Rxb3 Ng4 41. Re7 Nf6 42. Rbxb7 Rd6 43. h3 Ra6 44. Nb5 Ra4 45. Rec7 Rf4 46. Nd4 Re8 47. a4 Nh5 48. a5 Ng3 49. Nf3 1-0

[Event "Miercurea Ciuc GP RO Stage 3"]
[Site "Miercurea Ciuc"]
[Date "2022.08.22"]
[Round "3"]
[White "Korpa, Bence"]
[Black "Stepanencu, Nicodim Cosmin"]
[Result "1-0"]
[WhiteElo "2519"]
[BlackElo "2255"]
[PlyCount "99"]
[EventDate "2022.08.20"]
[EventType "swiss"]
[EventRounds "9"]
[EventCountry "ROU"]
[SourceTitle "CBM 209 Extra"]
[Source "ChessBase"]
[SourceDate "2022.09.30"]
[SourceVersion "1"]
[SourceVersionDate "2022.09.30"]
[SourceQuality "1"]

1. d4 Nf6 2. Nc3 d5 3. Bf4 c5 4. e3 cxd4 5. exd4 a6 6. Nf3 Nc6 7. Ne5 Bd7 8. Ne2 Qb6 9. Rb1 Bf5 10. Nxc6 Qxc6 11. Rc1 Qb6 12. Ng3 Bg4 13. Qd2 Qxb2 14. Bd3 Bd7 15. 0-0 Qxd4 16. Rfe1 e6 17. Be5 Qc5 18. Qf4 b5 19. c3 Ng8 20. Bd4 Qc6 21. Qg5 f6 22. Qh5+ Kd8 23. a4 e5 24. Be3 Ne7 25. Rb1 Rb8 26. axb5 axb5 27. c4 dxc4 28. Be4 Qe6 29. Red1 g6 30. Qe2 Ke8 31. Bc5 Nc8 32. Bd5 Qg4 33. Bf3 Qe6 34. Ne4 Bc6 35. Nxf6+ Kf7 36. Nd7 Bxd7 37. Bd5 Bxc5 38. Qxe5 Ne7 39. Bxe6+ Bxe6 40. Qxc5 Rhc8 41. Qe5 Nc6 42. Qf4+ Kg8 43. Rd6 Bf5 44. Ra1 Rb7 45. g4 Bd3 46. Qf3 Rf7 47. Qd5 Nb4 48. Qe6 Rcc7 49. Ra8+ Kg7 50. Qe5+ 1-0

[Event "GRE-chT 49th"]
[Site "Thessaloniki"]
[Date "2022.08.17"]
[Round "7.4"]
[White "Korpa, Bence"]
[Black "Nikolaidis, Ioannis"]
[Result "1-0"]
[WhiteElo "2519"]
[BlackElo "2508"]
[PlyCount "51"]
[EventDate "2022.08.12"]
[EventType "team-swiss"]
[EventRounds "7"]
[EventCountry "GRE"]
[SourceTitle "CBM 209 Extra"]
[Source "ChessBase"]
[SourceDate "2022.09.30"]
[SourceVersion "1"]
[SourceVersionDate "2022.09.30"]
[SourceQuality "1"]
[WhiteTeam "Amo Galaxias"]
[BlackTeam "Piraikos"]
[WhiteTeamCountry "GRE"]
[BlackTeamCountry "GRE"]

1. d4 Nf6 2. Nc3 d5 3. Bf4 a6 4. e3 b5 5. h4 e6 6. g4 c5 7. g5 Nfd7 8. h5 Nc6 9. Nf3 Bb7 10. Bh3 b4 11. Na4 g6 12. Qe2 Qa5 13. b3 gxh5 14. Nh4 cxd4 15. Qxh5 dxe3 16. Bxe6 exf2+ 17. Kd2 Nd8 18. Bf5 Bg7 19. Rae1+ fxe1Q+ 20. Rxe1+ Kf8 21. Bxd7 Nc6 22. Bd6+ Kg8 23. Qxf7+ Kxf7 24. Rf1+ Bf6 25. Rxf6+ Kg8 26. Be6+ 1-0

[Event "GRE-chT 49th"]
[Site "Thessaloniki"]
[Date "2022.08.16"]
[Round "6.5"]
[White "Korpa, Bence"]
[Black "Papidakis, Georgios"]
[Result "1-0"]
[WhiteElo "2519"]
[BlackElo "2126"]
[PlyCount "95"]
[EventDate "2022.08.12"]
[EventType "team-swiss"]
[EventRounds "7"]
[EventCountry "GRE"]
[SourceTitle "CBM 209 Extra"]
[Source "ChessBase"]
[SourceDate "2022.09.30"]
[SourceVersion "1"]
[SourceVersionDate "2022.09.30"]
[SourceQuality "1"]
[WhiteTeam "Amo Galaxias"]
[BlackTeam "OFI"]
[WhiteTeamCountry "GRE"]
[BlackTeamCountry "GRE"]

1. d4 d5 2. Bf4 c5 3. e3 cxd4 4. exd4 Nc6 5. c3 Bf5 6. Qb3 Qd7 7. Nf3 f6 8. h4 Nh6 9. Nbd2 Nf7 10. Bb5 a6 11. Bxc6 Qxc6 12. 0-0 e6 13. Rfe1 Bd6 14. Bxd6 Nxd6 15. Nf1 0-0 16. Ng3 Rfe8 17. h5 g5 18. Nd2 Kg7 19. Re3 a5 20. a4 Rab8 21. Qa3 b5 22. axb5 Rxb5 23. Rae1 Kf7 24. b3 h6 25. Qa4 Bc2 26. Qa2 Bh7 27. c4 dxc4 28. bxc4 Rb4 29. Rxe6 Rxe6 30. Rxe6 Qd7 31. d5 Nxc4 32. Nxc4 Qxd5 33. Rc6 Kg7 34. Rc7+ Kh8 35. Qe2 Rb1+ 36. Kh2 Qd4 37. Rc8+ Bg8 38. Rxg8+ Kxg8 39. Qe8+ Kh7 40. Qg6+ Kh8 41. Qxh6+ Kg8 42. Qg6+ Kh8 43. Qxb1 Qxc4 44. Qb8+ Kh7 45. Qa7+ Kh6 46. Nf5+ Kxh5 47. Qh7+ Kg4 48. Ne3+ 1-0

[Event "GRE-chT 49th"]
[Site "Thessaloniki"]
[Date "2022.08.14"]
[Round "4.5"]
[White "Korpa, Bence"]
[Black "Gouloutis, Nikolaos"]
[Result "1/2-1/2"]
[WhiteElo "2519"]
[BlackElo "2362"]
[PlyCount "98"]
[EventDate "2022.08.12"]
[EventType "team-swiss"]
[EventRounds "7"]
[EventCountry "GRE"]
[SourceTitle "CBM 209 Extra"]
[Source "ChessBase"]
[SourceDate "2022.09.30"]
[SourceVersion "1"]
[SourceVersionDate "2022.09.30"]
[SourceQuality "1"]
[WhiteTeam "Amo Galaxias"]
[BlackTeam "Thessaloniki Aris"]
[WhiteTeamCountry "GRE"]
[BlackTeamCountry "GRE"]

1. d4 Nf6 2. Bf4 e6 3. e3 c5 4. Nf3 d5 5. c3 Qb6 6. Qb3 Nc6 7. Nbd2 Be7 8. Be2 0-0 9. h3 Bd7 10. Qxb6 axb6 11. 0-0 h6 12. a3 Rfc8 13. Rfe1 Be8 14. Rad1 cxd4 15. exd4 Na7 16. Bd3 Nb5 17. Ne5 Nd6 18. g4 Bb5 19. Bb1 Nc4 20. Ndxc4 dxc4 21. Bd2 Nd7 22. Ba2 Nxe5 23. Rxe5 Ba4 24. Rc1 Bd6 25. Re2 Ra5 26. f4 h5 27. Be3 g6 28. Rf1 Kg7 29. Bc1 Bd7 30. Kf2 hxg4 31. hxg4 b5 32. Bb1 Rh8 33. Be3 Bc6 34. d5 Rh2+ 35. Ke1 Rxe2+ 36. Kxe2 Bxd5 37. Bd4+ Kf8 38. Bf6 Be7 39. g5 Bc5 40. f5 gxf5 41. Bxf5 Ke8 42. Rf4 Ra8 43. Be4 Bxe4 44. Rxe4 Kd7 45. Rh4 Kc6 46. Rh7 Rf8 47. Kf3 Kd5 48. Bg7 Re8 49. Bf6 Rf8 1/2-1/2

[Event "Heart of Finland op 30th"]
[Site "Jyvaskyla"]
[Date "2022.07.23"]
[Round "8"]
[White "Abdrlauf, Elham"]
[Black "Korpa, Bence"]
[Result "1-0"]
[WhiteElo "2466"]
[BlackElo "2537"]
[PlyCount "83"]
[EventDate "2022.07.18"]
[EventType "swiss"]
[EventRounds "9"]
[EventCountry "FIN"]
[SourceTitle "CBM 209 Extra"]
[Source "ChessBase"]
[SourceDate "2022.09.30"]
[SourceVersion "1"]
[SourceVersionDate "2022.09.30"]
[SourceQuality "1"]

1. e4 c6 2. d4 d5 3. f3 dxe4 4. fxe4 e5 5. Nf3 Bg4 6. c3 Nf6 7. Bd3 Nbd7 8. 0-0 Bd6 9. Na3 Bxa3 10. bxa3 0-0 11. Rb1 Re8 12. Qc2 b5 13. Bg5 Qb6 14. Qf2 exd4 15. Nxd4 Bh5 16. Qg3 Bg6 17. Bxf6 Nxf6 18. e5 Nh5 19. Qf3 Bxd3 20. Qxd3 Rxe5 21. Qf3 Rf8 22. Qxc6 Qc5 23. Qxc5 Rxc5 24. Rxb5 Rfc8 25. Rf5 Rxb5 26. Rxb5 g6 27. Ne2 Nf6 28. Rb7 Ne4 29. Rxa7 Nxc3 30. Nf4 Ne4 31. h4 Rc2 32. a4 Ng3 33. Nd5 Rxa2 34. a5 Nf5 35. a6 Nxh4 36. Nb4 Ra4 37. Rb7 Nf5 38. a7 Kg7 39. Nc6 h5 40. Rb5 Ra1+ 41. Kh2 Nd4 42. Ra5 1-0